Zvýšenie efektivity procesu výberu a spracovania materiálu vo vybranej spoločnosti v súlade s koncepciou Industry 4.0 diplomová práca

Salvato in:
Dettagli Bibliografici
Autore principale: Horváthová, Miroslava
Ente Autore: Podnikovohospodárska fakulta EU so sídlom v Košiciach. Katedra kvantitatívnych metód
Altri autori: Hajduová, Zuzana, 1974-
Natura: Libro
Lingua:slovacco
Pubblicazione: Košice 2018
Tags: Aggiungi Tag
Nessun Tag, puoi essere il primo ad aggiungerne!!

MARC

LEADER 00000nbm a2200000 4500
001 0244175
005 20181024130409.2
041 0 |a slo 
044 |a SK 
245 1 0 |a Zvýšenie efektivity procesu výberu a spracovania materiálu vo vybranej spoločnosti v súlade s koncepciou Industry 4.0  |b diplomová práca  |c Miroslava Horváthová ; školiteľ: Zuzana Hajduová 
264 1 |a Košice  |c 2018 
300 |a 75 s. 
100 1 |a Horváthová, Miroslava 
700 1 |a Hajduová, Zuzana, 1974- 
710 2 |a Podnikovohospodárska fakulta EU so sídlom v Košiciach. Katedra kvantitatívnych metód